000 00327nam a22001457a 4500
008 210305b ||||| |||| 00| 0 eng d
020 _a9780538806008
041 _aeng
080 _216th
_a330.722.6
082 _a330.722.6
100 _a61
101 _aKF
245 _aAccounting Principles
_cFess, P.E
942 _2udc
_cBK
999 _c55805
_d55805